[Event "SVK ECo-C Extraliga 2018-19"]
[Site "Slovakia"]
[Date "2019.04.13"]
[Round "10.2"]
[White "Ponizil, Cyril"]
[Black "Jakab, Bela"]
[Result "1-0"]
[WhiteElo "2501"]
[BlackElo "2324"]
[Annotator "ChessBase"]
[PlyCount "95"]
[EventDate "2018.11.10"]
[EventType "team-tourn"]
[EventCountry "SVK"]
[SourceTitle "playchess.com"]
[Source "ChessBase"]
[SourceQuality "1"]
[WhiteTeam "Dubnica"]
[BlackTeam "Komarno"]
[TimeControl "40/5400+30:1800+30"]

1. e4 {[%emt 0:00:00]} e5 {[%emt 0:00:00]} 2. Nf3 {[%emt 0:00:00]} Nc6 {[%emt 0:00:00]} 3. Bc4 {[%emt 0:00:16]} Bc5 {[%emt 0:00:02]} 4. O-O {[%emt 0:00:09]} Nf6 {[%emt 0:00:54]} 5. d3 {[%emt 0:00:05]} O-O {[%emt 0:00:25]} 6. a4 {[%emt 0:01:14]} a5 {[%emt 0:04:01]} 7. Nbd2 {[%emt 0:01:25]} d6 {[%emt 0:00:33]} 8. c3 {[%emt 0:00:06]} Ba7 {[%emt 0:01:14]} 9. Bb3 {[%emt 0:01:20]} Ne7 {[%emt 0:06:22]} 10. Re1 {[%emt 0:00:25]} Ng6 {[%emt 0:00:28]} 11. Nf1 {[%emt 0:01:20]} c6 {[%emt 0:05:08]} 12. Ng3 {[%emt 0:02:19]} Re8 {[%emt 0:00:39]} 13. h3 {[%emt 0:01:14]} Be6 {[%emt 0:03:52]} 14. d4 {[%emt 0:01:19]} h6 {[%emt 0:07:31]} 15. Bc2 {[%emt 0:01:47]} Qc7 {[%emt 0:00:48]} 16. Be3 {[%emt 0:01:34]} b5 {[%emt 0:05:52]} 17. Qd2 {[%emt 0:05:50]} Rad8 {[%emt 0:05:12]} 18. Qc1 {[%emt 0:03:17]} b4 {[%emt 0:03:10]} 19. Bd3 {[%emt 0:01:36]} d5 {[%emt 0:10:43]} 20. dxe5 {[%emt 0:05:17]} Bxe3 {[%emt 0:00:41]} 21. Qxe3 {[%emt 0:00:11]} Nxe5 {[%emt 0:00:38]} 22. Nxe5 {[%emt 0:00:14]} Qxe5 {[%emt 0:00:06]} 23. f4 {[%emt 0:01:02]} d4 {[%emt 0:13:12]} 24. Qf3 {[%emt 0:00:29]} Qc5 {[%emt 0:00:16]} 25. c4 {[%emt 0:00:33]} Nd7 {[%emt 0:03:19]} 26. e5 {[%emt 0:01:27]} Bxc4 {[%emt 0:04:30]} 27. Rac1 {[%emt 0:05:26]} Bd5 {[%emt 0:00:11]} 28. Qg4 {[%emt 0:03:23]} Qf8 {[%emt 0:00:50]} 29. Nf5 {[%emt 0:00:24]} Re6 {[%emt 0:00:54]} 30. Nxd4 {[%emt 0:00:38]} Nc5 {[%emt 0:04:21]} 31. Bc2 {[%emt 0:04:01]} b3 {[%emt 0:00:32]} 32. Bb1 {[%emt 0:00:05]} Ree8 {[%emt 0:01:50]} 33. f5 {[%emt 0:00:52]} h5 {[%emt 0:04:17]} 34. Qxh5 {[%emt 0:03:56]} Be4 {[%emt 0:00:28]} 35. Nf3 {[%emt 0:07:33]} Bxf3 {[%emt 0:02:47]} 36. Qxf3 {[%emt 0:00:16]} Rd5 {[%emt 0:01:03]} 37. Qg3 {[%emt 0:03:00]} Nxa4 {[%emt 0:02:59]} 38. f6 {[%emt 0:00:34]} Nxb2 {[%emt 0:00:38]} 39. Re4 {[%emt 0:01:47]} g6 {[%emt 0:00:38]} 40. Rh4 {[%emt 0:07:18]} Nd3 {[%emt 0:05:52]} 41. Bxd3 {[%emt 0:31:14]} b2 {[%emt 0:30:53]} 42. Rf1 {[%emt 0:02:17]} Qc5+ {[%emt 0:01:41]} 43. Kh1 {[%emt 0:01:21]} Rdxe5 {[%emt 0:00:00]} 44. Bxg6 {[%emt 0:00:00]} Rg5 {[%emt 0:00:00]} 45. Rh8+ {[%emt 0:00:00]} Kxh8 {[%emt 0:00:00]} 46. Qh4+ {[%emt 0:00:00]} Rh5 {[%emt 0:00:00]} 47. Bxh5 {[%emt 0:00:00]} Qb4 {[%emt 0:00:00]} 48. Bg4+ {[%emt 0:00:00]} 1-0

[Event "SVK ECo-C Extraliga 2018-19"]
[Site "Slovakia"]
[Date "2019.04.13"]
[Round "10.2"]
[White "Vykouk, Jan"]
[Black "Neuman, Petr"]
[Result "1/2-1/2"]
[WhiteElo "2441"]
[BlackElo "2397"]
[Annotator "NA"]
[PlyCount "108"]
[EventDate "2018.11.10"]
[EventType "team-tourn"]
[EventCountry "SVK"]
[SourceTitle "playchess.com"]
[Source "ChessBase"]
[SourceQuality "1"]
[WhiteTeam "Osuske"]
[BlackTeam "Liptovska"]
[TimeControl "40/5400+30:1800+30"]

1. e4 {[%emt 0:00:00]} e5 {[%emt 0:00:00]} 2. Nf3 {[%emt 0:00:00]} Nc6 {[%emt 0:00:18]} 3. Bb5 {[%emt 0:00:13]} Nf6 {[%emt 0:00:25]} 4. d3 {[%emt 0:00:16]} d6 {[%emt 0:00:21]} 5. O-O {[%emt 0:00:20]} Bd7 {[%emt 0:00:07] C66: Ruy Lopez: Steinitz Defence} 6. c4 {[%emt 0:03:54]} g6 {[%emt 0:00:29]} 7. Nc3 {[%emt 0:00:06]} Bg7 {[%emt 0:00:05]} 8. Nd5 {[%emt 0:00:54]} Nb8 $146 {[%emt 0:14:26]} ({Predecessor:} 8... a6 9. Ba4 Nxd5 10. cxd5 Ne7 11. Bg5 b5 12. Bb3 h6 13. Bxe7 Qxe7 {1-0 (42) Anand,V (2786)-Kramnik,V (2811) Zuerich 2017}) 9. Bxd7+ {[%emt 0:02:56]} Nbxd7 {[%emt 0:02:02]} 10. Be3 {[%emt 0:01:26]} O-O {[%emt 0:03:36]} 11. Qb3 {[%emt 0:00:56]} Qb8 {[%emt 0:05:41]} 12. Rac1 {[%emt 0:02:40]} Ng4 {[%emt 0:02:26]} 13. Bg5 {[%emt 0:04:06]} c6 {[%emt 0:06:42]} 14. h3 {[%emt 0:07:46]} Nh6 {[%emt 0:02:33]} 15. Nc3 {[%emt 0:02:21]} Nc5 {[%emt 0:06:06]} 16. Qa3 {[%emt 0:01:19]} f6 {[%emt 0:02:27]} 17. Be3 {[%emt 0:00:19]} Nxd3 {[%emt 0:03:03]} 18. Rcd1 {[%emt 0:00:10]} Nc5 {[%emt 0:00:05]} 19. Bxc5 {[%emt 0:01:28]} dxc5 {[%emt 0:00:39]} 20. Qxc5 {[%emt 0:00:05]} Rf7 {[%emt 0:01:06]} 21. Rd3 {[%emt 0:01:04]} Bf8 {[%emt 0:00:54]} 22. Qe3 {[%emt 0:00:07]} Qe8 {[%emt 0:05:39]} 23. Rfd1 {[%emt 0:00:20]} Rc7 {[%emt 0:01:38]} 24. c5 {[%emt 0:03:59]} Nf7 {[%emt 0:01:00]} 25. Nd2 {[%emt 0:02:23]} Rd8 {[%emt 0:02:01]} 26. Nc4 {[%emt 0:00:35]} Rcd7 {[%emt 0:00:23]} 27. Rxd7 {[%emt 0:05:07]} Rxd7 {[%emt 0:00:14]} 28. b4 {[%emt 0:01:20]} Qd8 {[%emt 0:02:29]} 29. Rxd7 {[%emt 0:03:59]} Qxd7 {[%emt 0:01:18]} 30. Qd2 {[%emt 0:00:07]} Qxd2 {[%emt 0:01:57]} 31. Nxd2 {[%emt 0:00:05]} Nd8 {[%emt 0:05:24]} 32. Nc4 {[%emt 0:01:53]} Kf7 {[%emt 0:02:10]} 33. Kf1 {[%emt 0:05:52]} Ke6 {[%emt 0:01:12]} 34. Ke2 {[%emt 0:00:06]} Kd7 {[%emt 0:01:03]} 35. Kd3 {[%emt 0:00:10]} Kc7 {[%emt 0:03:41]} 36. g3 {[%emt 0:01:03]} Ne6 {[%emt 0:00:33]} 37. Ne2 {[%emt 0:00:17]} b6 {[%emt 0:01:02]} 38. cxb6+ {[%emt 0:00:08]} axb6 {[%emt 0:00:08]} 39. a3 {[%emt 0:00:07]} b5 {[%emt 0:00:38]} 40. Ne3 {[%emt 0:00:25]} Kd6 {[%emt 0:01:27]} 41. f4 {[%emt 0:35:42]} exf4 $15 {[%emt 0:31:28]} 42. gxf4 {[%emt 0:00:30]} c5 {[%emt 0:07:08]} 43. Nd5 {[%emt 0:03:35]} f5 {[%emt 0:03:27]} 44. Nec3 {[%emt 0:01:38]} Kc6 {[%emt 0:06:22]} 45. e5 {[%emt 0:08:27]} cxb4 {[%emt 0:02:22]} 46. axb4 {[%emt 0:00:12]} h6 {[%emt 0:00:59]} 47. h4 {[%emt 0:01:37]} g5 {[%emt 0:01:19]} 48. fxg5 {[%emt 0:01:02]} hxg5 {[%emt 0:00:05]} 49. hxg5 {[%emt 0:01:21]} Nxg5 {[%emt 0:00:06]} 50. Ne3 {[%emt 0:00:55]} Bxb4 {[%emt 0:00:41]} 51. Nxf5 {[%emt 0:00:06]} Bxc3 {[%emt 0:00:15]} 52. Kxc3 {[%emt 0:00:06]} Kd5 {[%emt 0:00:04]} 53. Kb4 {[%emt 0:00:11]} Kxe5 {[%emt 0:00:06]} 54. Kxb5 {[%emt 0:00:13]} Kxf5 1/2-1/2

[Event "SVK ECo-C Extraliga 2018-19"]
[Site "Slovakia"]
[Date "2019.04.13"]
[Round "10.2"]
[White "Petenyi, Tamas"]
[Black "Babula, Vlastimil"]
[Result "1/2-1/2"]
[WhiteElo "2418"]
[BlackElo "2549"]
[Annotator "ChessBase"]
[PlyCount "41"]
[EventDate "2018.11.10"]
[EventType "team-tourn"]
[EventCountry "SVK"]
[SourceTitle "playchess.com"]
[Source "ChessBase"]
[SourceQuality "1"]
[WhiteTeam "Streda"]
[BlackTeam "Snina"]
[TimeControl "40/5400+30:1800+30"]

1. e4 {[%emt 0:00:00]} c5 {[%emt 0:00:00]} 2. Nf3 {[%emt 0:00:00]} e6 {[%emt 0:00:01]} 3. d4 {[%emt 0:00:30]} cxd4 {[%emt 0:00:07]} 4. Nxd4 {[%emt 0:00:04]} Nc6 {[%emt 0:00:28]} 5. Nc3 {[%emt 0:00:15]} Qc7 {[%emt 0:00:35]} 6. Be3 {[%emt 0:00:29]} a6 {[%emt 0:00:35]} 7. Qd2 {[%emt 0:00:30]} Nf6 {[%emt 0:00:41]} 8. f3 {[%emt 0:00:50]} b5 {[%emt 0:01:55]} 9. O-O-O {[%emt 0:01:16]} Be7 {[%emt 0:01:04]} 10. g4 {[%emt 0:03:24]} Nxd4 {[%emt 0:01:07]} 11. Bxd4 {[%emt 0:01:09]} Bb7 {[%emt 0:00:44]} 12. Kb1 {[%emt 0:12:46]} O-O {[%emt 0:10:07]} 13. h4 {[%emt 0:06:33]} Rac8 {[%emt 0:21:44]} 14. Bd3 {[%emt 0:09:27]} b4 {[%emt 0:07:49]} 15. Na4 {[%emt 0:01:18]} d5 {[%emt 0:07:41]} 16. e5 {[%emt 0:03:46]} Nd7 {[%emt 0:03:06]} 17. Qe3 {[%emt 0:00:25]} Bc6 {[%emt 0:07:34]} 18. Nb6 {[%emt 0:00:57]} Nxb6 {[%emt 0:00:11]} 19. Bxb6 {[%emt 0:00:04]} Qb7 {[%emt 0:00:22]} 20. Bd4 {[%emt 0:00:48]} Bb5 {[%emt 0:00:07]} 21. f4 {[%emt 0:03:24]} 1/2-1/2

[Event "SVK ECo-C Extraliga 2018-19"]
[Site "Slovakia"]
[Date "2019.04.13"]
[Round "10.3"]
[White "Markos, Jan"]
[Black "Nemeth, Miklos"]
[Result "1-0"]
[WhiteElo "2571"]
[BlackElo "2488"]
[Annotator "TA"]
[PlyCount "107"]
[EventDate "2018.11.10"]
[EventType "team-tourn"]
[EventCountry "SVK"]
[SourceTitle "playchess.com"]
[Source "ChessBase"]
[SourceQuality "1"]
[WhiteTeam "Snina"]
[BlackTeam "Streda"]

{[%evp 9,163,9,8,0,4,0,2,-6,0,0,25,12,36,24,43,23,21,29,51,49,57,71,91,89,88,39,143,158,145,137,215,162,383,419,380,119,328,87,95,86,135,129,92,94,168,137,231,220,223,217,213,170,168,160,141,50,46,0,0,0,25,29,98,98,127,136,131,121,125,78,97,17,387,466,479,473,593,584,545,529,521,482,444,457,480,329,454,383,416,282,350,263,597,576,595,591,681,641,773,766,748,735,774,759,756,767,698,572,517,335,361,370,341,347,545,531,1009,1044,1041,1024,1034,1022,997,977,920,775,775,768,766,766,758,749,723,690,990,858,6207,1829,926,926,926,926,1829,1575,1458,1419,1405,1231,29972,29973,29976,29977,29977,29978,29977,29978]} 1. Nf3 Nf6 2. g3 b6 3. Bg2 Bb7 4. O-O e6 5. d3 d5 6. Nc3 {A05: Réti Opening: 1 Nf3 Nf6} (6. Nbd2 Nbd7 7. Re1 Bc5 8. c4 O-O 9. a3 a5 10. cxd5 exd5 11. Nb3 Be7 12. Nbd4 Re8 13. Bf4 Nh5 14. Bd2 a4 15. b4 axb3 16. Qxb3 {½-½ (41) Anton Guijarro,D (2654)-Bruzon Batista,L (2643) Tbilisi 2017}) 6... c5 7. e4 d4 8. Ne2 {The position is equal.} Nc6 9. c3 $146 ({Predecessor:} 9. Nd2 e5 10. h3 g5 11. Kh2 g4 12. h4 h5 13. a4 a6 {½-½ (35) Sychevskyy,A (1883)-Kolpakov,V Lvov 2011}) 9... e5 10. a3 Bd6 11. Nh4 O-O 12. Nf5 dxc3 13. bxc3 Bc7 14. Bg5 h6 15. Bh4 Kh7 16. f4 Ba6 17. Rf3 Re8 (17... g6 $14) 18. Qa4 $16 Na5 19. Qc2 Re6 (19... g6 $16) 20. Raf1 Qd7 $2 (20... Rb8 21. g4 exf4) 21. Bh3 $18 Rc6 22. c4 $2 (22. fxe5 $18 {and the rest is easy.} Bxe5 23. Nxh6 $1 {[%mdl 512]}) 22... Ng8 $2 (22... Rf8 $16 {was worth a try.} 23. Nc3 Ng8) 23. Nc3 $2 (23. fxe5 $18 {Strongly threatening Nxg7!} Rg6 24. Nxg7 Qxh3 25. Nh5 (25. Nf4 Qxf1+ 26. Rxf1 Rxg7 $14)) 23... f6 24. Nd5 Rf8 25. Nxc7 Qxc7 26. Ne3 Re8 (26... Bc8 $16 27. Bxc8 Rxc8) 27. Nd5 Qd6 (27... Qf7 $16 28. fxe5 Rxe5) 28. Bf5+ Kh8 29. Bg6 Rb8 30. Qc3 Bc8 31. fxe5 fxe5 32. Bf7 (32. Bh5 $16 Bh3 33. Re1) 32... Bg4 $14 33. R3f2 {Bxg8 is the strong threat.} Bh3 $1 34. Re1 Rf8 35. g4 $36 {[%mdl 2048] White has good play.} Qd7 (35... Rcc8 $11 {remains equal.}) 36. Be6 $1 $16 {[%cal Re6d7][%mdl 64] Discovered Attack} Qxe6 37. Rxf8 Qxg4+ 38. Bg3 Re6 39. Kh1 Nc6 40. Rg1 ({Better is} 40. Qc2 $16) 40... Nd4 $2 {[%mdl 8192] [#]} (40... Qh5 $1 $11 {and Black is okay.}) 41. Bxe5 $1 $18 {[%mdl 512]} Qxg1+ (41... Rxe5 42. Rxg4) 42. Kxg1 Rxe5 43. Kf2 Kh7 44. Nf4 Bd7 45. Ne2 Nc6 46. Qc1 Rh5 47. Kg1 Nf6 48. Ng3 Rg5 49. Qf1 Kg6 50. Qf4 Nd4 $2 (50... Ne5 {is more resistant.} 51. Kg2 Be6) 51. Qd6 Bh3 {If Black can now play ...h5 this consolidates a bit.} 52. Kf2 Ne6 53. Ra8 h5 54. Ke1 {Played: Ra8-h8} 1-0

[Event "SVK ECo-C Extraliga 2018-19"]
[Site "Slovakia"]
[Date "2019.04.13"]
[Round "10.3"]
[White "Mihok, Oliver"]
[Black "Antoniewski, Rafal"]
[Result "1/2-1/2"]
[WhiteElo "2548"]
[BlackElo "2500"]
[Annotator "ChessBase"]
[PlyCount "34"]
[EventDate "2018.11.10"]
[EventType "team-tourn"]
[EventCountry "SVK"]
[SourceTitle "playchess.com"]
[Source "ChessBase"]
[SourceQuality "1"]
[WhiteTeam "Podhajska"]
[BlackTeam "Dunajov"]
[TimeControl "40/5400+30:1800+30"]

1. e4 {[%emt 0:00:00]} c5 {[%emt 0:01:44]} 2. Nf3 {[%emt 0:00:00]} d6 {[%emt 0:00:06]} 3. d4 {[%emt 0:00:01]} cxd4 {[%emt 0:00:05]} 4. Nxd4 {[%emt 0:00:03]} Nf6 {[%emt 0:00:07]} 5. Nc3 {[%emt 0:00:03]} Bd7 {[%emt 0:01:09]} 6. Bg5 {[%emt 0:01:02]} e6 {[%emt 0:00:29]} 7. Qd2 {[%emt 0:02:02]} a6 {[%emt 0:00:07]} 8. O-O-O {[%emt 0:00:32]} h6 {[%emt 0:00:05]} 9. Bh4 {[%emt 0:02:12]} Nxe4 {[%emt 0:05:46]} 10. Qf4 {[%emt 0:00:10]} Ng5 {[%emt 0:00:07]} 11. Qe3 {[%emt 0:01:18]} Be7 {[%emt 0:01:48]} 12. f4 {[%emt 0:00:14]} Nh7 {[%emt 0:00:17]} 13. Bxe7 {[%emt 0:00:29]} Qxe7 {[%emt 0:00:05]} 14. g4 {[%emt 0:02:21]} Bc6 {[%emt 0:07:30]} 15. Rg1 {[%emt 0:08:09]} Nd7 {[%emt 0:06:14]} 16. Bg2 {[%emt 0:12:57]} Bxg2 {[%emt 0:14:33]} 17. Rxg2 {[%emt 0:00:07]} g5 {[%emt 0:00:43]} 1/2-1/2

[Event "SVK ECo-C Extraliga 2018-19"]
[Site "Slovakia"]
[Date "2019.04.13"]
[Round "10.3"]
[White "Jurcik, Marian"]
[Black "Michalik, Peter"]
[Result "1/2-1/2"]
[WhiteElo "2494"]
[BlackElo "2577"]
[Annotator "ChessBase"]
[PlyCount "20"]
[EventDate "2018.11.10"]
[EventType "team-tourn"]
[EventCountry "SVK"]
[SourceTitle "playchess.com"]
[Source "ChessBase"]
[SourceQuality "1"]
[WhiteTeam "Zilina"]
[BlackTeam "Modra"]
[TimeControl "40/5400+30:1800+30"]

{[WhiteElo "2494"] [WhiteCountry ""] [WhiteFideId "14907518"] [BlackElo "2577"] [BlackCountry ""] [BlackFideId "14907526"]} 1. e4 e5 2. Nf3 Nc6 3. Bb5 a6 4. Ba4 Nf6 5. O-O Be7 6. Bxc6 dxc6 7. d3 Nd7 8. Nc3 O-O 9. Kh1 Bd6 10. Bg5 f6 1/2-1/2

[Event "SVK ECo-C Extraliga 2018-19"]
[Site "Slovakia"]
[Date "2019.04.13"]
[Round "10.3"]
[White "Leniart, Arkadiusz"]
[Black "Antal, Gergely"]
[Result "1/2-1/2"]
[WhiteElo "2486"]
[BlackElo "2552"]
[Annotator "ChessBase"]
[PlyCount "41"]
[EventDate "2018.11.10"]
[EventType "team-tourn"]
[EventCountry "SVK"]
[SourceTitle "playchess.com"]
[Source "ChessBase"]
[SourceQuality "1"]
[WhiteTeam "Prakovce"]
[BlackTeam "Slovan"]
[TimeControl "40/5400+30:1800+30"]

1. e4 {[%emt 0:00:00]} e6 {[%emt 0:00:00]} 2. d4 {[%emt 0:00:00]} d5 {[%emt 0:00:00]} 3. Nc3 {[%emt 0:01:00]} Bb4 {[%emt 0:00:00]} 4. Qd3 {[%emt 0:01:16]} dxe4 {[%emt 0:03:35]} 5. Qxe4 {[%emt 0:00:06]} Nc6 {[%emt 0:03:44]} 6. Bb5 {[%emt 0:02:49]} Nge7 {[%emt 0:01:42]} 7. Nge2 {[%emt 0:02:07]} a6 {[%emt 0:20:30]} 8. Bxc6+ {[%emt 0:00:07]} Nxc6 {[%emt 0:00:06]} 9. Bf4 {[%emt 0:01:29]} Bxc3+ {[%emt 0:01:33]} 10. Nxc3 {[%emt 0:09:20]} Qxd4 {[%emt 0:01:03]} 11. Qxd4 {[%emt 0:05:39]} Nxd4 {[%emt 0:00:05]} 12. O-O-O {[%emt 0:00:11]} Nb5 {[%emt 0:02:19]} 13. Nxb5 {[%emt 0:00:56]} axb5 {[%emt 0:00:06]} 14. Bxc7 {[%emt 0:00:09]} Bd7 {[%emt 0:00:29]} 15. a3 {[%emt 0:03:55]} Bc6 {[%emt 0:00:07]} 16. f3 {[%emt 0:00:35]} f6 {[%emt 0:05:20]} 17. Bd6 {[%emt 0:01:32]} Kf7 {[%emt 0:00:15]} 18. b3 {[%emt 0:00:10]} Rac8 {[%emt 0:04:52]} 19. Kb2 {[%emt 0:00:48]} Rhd8 {[%emt 0:03:23]} 20. Bb4 {[%emt 0:01:57]} g5 {[%emt 0:05:40]} 21. Ba5 {[%emt 0:07:28]} 1/2-1/2

[Event "SVK ECo-C Extraliga 2018-19"]
[Site "Slovakia"]
[Date "2019.04.13"]
[Round "10.3"]
[White "Hrabusa, Matej"]
[Black "Jablonicky, Martin"]
[Result "0-1"]
[WhiteElo "2406"]
[BlackElo "2322"]
[Annotator "NA"]
[PlyCount "100"]
[EventDate "2018.11.10"]
[EventType "team-tourn"]
[EventCountry "SVK"]
[SourceTitle "playchess.com"]
[Source "ChessBase"]
[SourceQuality "1"]
[WhiteTeam "Liptovska"]
[BlackTeam "Osuske"]
[TimeControl "40/5400+30:1800+30"]

1. d4 {[%emt 0:00:00]} Nf6 {[%emt 0:00:00]} 2. Nf3 {[%emt 0:00:00]} g6 {[%emt 0:00:00]} 3. c4 {[%emt 0:00:00]} Bg7 {[%emt 0:00:00]} 4. e3 {[%emt 0:00:00]} O-O {[%emt 0:00:01]} 5. Be2 {[%emt 0:00:00]} b6 {[%emt 0:01:19]} 6. O-O {[%emt 0:00:15]} Bb7 {[%emt 0:00:10]} 7. Nc3 {[%emt 0:05:16]} d6 {[%emt 0:01:33]} 8. Qc2 {[%emt 0:02:07] E61: King's Indian: Early deviations for White, including Smyslov System} (8. b4 e5 9. dxe5 Nfd7 10. Bb2 Nxe5 11. Nxe5 Bxe5 12. Bf3 Bxf3 13. Qxf3 Na6 14. a3 Qh4 15. g3 Qxc4 {0-1 (64) Sargissian,G (2672)-Rapport,R (2707) Riadh 2017}) 8... Nbd7 {[%emt 0:00:33]} 9. Rd1 {[%emt 0:07:21]} e6 {[%emt 0:00:07]} 10. Rb1 $146 {[%emt 0:01:38]} ({Predecessor:} 10. e4 Ne8 11. Bg5 f6 12. Be3 Qc8 13. Qd2 a6 14. a4 f5 15. exf5 exf5 {½-½ (71) Shirokov,I (1000)-Shepelev,A (1548) St Petersburg 2018}) 10... Qe7 {[%emt 0:01:34]} 11. b4 {[%emt 0:01:47]} e5 {[%emt 0:05:00]} 12. c5 {[%emt 0:11:38]} exd4 {[%emt 0:06:30]} 13. cxd6 {[%emt 0:01:56]} cxd6 {[%emt 0:00:42]} 14. Nxd4 {[%emt 0:02:00]} Ne5 {[%emt 0:04:45]} 15. h3 {[%emt 0:05:50]} Rac8 {[%emt 0:00:30]} 16. Qb3 {[%emt 0:01:42]} Ne4 {[%emt 0:02:48]} 17. Nxe4 {[%emt 0:05:57]} Bxe4 {[%emt 0:00:04]} 18. Rb2 {[%emt 0:00:52]} Qg5 {[%emt 0:08:04]} 19. f3 {[%emt 0:02:12]} (19. g3 $17 {was necessary.}) 19... Bd5 {[%emt 0:07:09]} 20. Qa3 {[%emt 0:05:22]} (20. Qxd5 $11 Rxc1 21. Rb3 Rxd1+ 22. Bxd1) 20... Nc4 {[%emt 0:02:23]} 21. Bxc4 $1 {[%emt 0:00:19]} Rxc4 {[%emt 0:00:15]} 22. Rf2 {[%emt 0:05:08]} Rfc8 {[%emt 0:06:27]} 23. Ne2 $11 {[%emt 0:02:58]} Be6 {[%emt 0:07:40]} 24. e4 {[%emt 0:06:52]} Qb5 {[%emt 0:03:23]} 25. Qe3 {[%emt 0:07:18]} Qxb4 {[%emt 0:05:56]} 26. Ba3 {[%emt 0:01:43]} Qa4 {[%emt 0:01:12]} 27. Rxd6 {[%emt 0:02:09]} b5 {[%emt 0:01:41]} 28. Rd2 {[%emt 0:01:45]} Rc2 {[%emt 0:05:29]} 29. Rxc2 {[%emt 0:04:16]} Rxc2 {[%emt 0:00:55]} 30. Qd3 {[%emt 0:00:33]} h6 {[%emt 0:05:58]} 31. Be7 {[%emt 0:04:54]} Kh7 {[%emt 0:10:00]} 32. Kh2 {[%emt 0:05:48]} Bc4 {[%emt 0:00:28]} 33. Qe3 {[%emt 0:00:24]} Qxa2 {[%emt 0:02:00]} 34. Nc1 {[%emt 0:02:13]} Qb1 {[%emt 0:00:13]} 35. Rxc2 {[%emt 0:01:45]} Qxc2 {[%emt 0:00:04]} 36. Bb4 {[%emt 0:00:31]} g5 {[%emt 0:08:42]} 37. Qc5 {[%emt 0:00:59]} Bf6 {[%emt 0:03:11]} 38. Qf5+ {[%emt 0:02:13]} Kg7 {[%emt 0:00:08]} 39. Bf8+ {[%emt 0:01:07]} Kxf8 {[%emt 0:00:12]} 40. Qxf6 {[%emt 0:00:08]} Qxc1 {[%emt 0:00:19]} 41. Qh8+ {[%emt 0:01:52]} Ke7 {[%emt 0:00:00]} 42. Qe5+ {[%emt 0:00:07]} Be6 {[%emt 0:00:00]} 43. Qxb5 {[%emt 0:00:15]} Qc7+ {[%emt 0:00:13]} 44. Kh1 {[%emt 0:00:35]} Kf6 {[%emt 0:02:22]} 45. Qb2+ {[%emt 0:00:37]} Qe5 {[%emt 0:00:28]} 46. Qa3 {[%emt 0:00:08]} a5 {[%emt 0:01:40]} 47. Qf8 {[%emt 0:00:16]} Kg6 {[%emt 0:00:22]} 48. Qg8+ {[%emt 0:00:06]} Qg7 {[%emt 0:00:19]} 49. Qa8 {[%emt 0:00:08]} Qa1+ {[%emt 0:00:09]} 50. Kh2 {[%emt 0:00:05]} Kg7 {[%emt 0:00:42]} 0-1

[Event "SVK ECo-C Extraliga 2018-19"]
[Site "Slovakia"]
[Date "2019.04.13"]
[Round "10.3"]
[White "Cibickova, Zuzana"]
[Black "Roubalik, Jakub"]
[Result "1/2-1/2"]
[WhiteElo "2239"]
[BlackElo "2417"]
[Annotator "NA"]
[PlyCount "49"]
[EventDate "2018.11.10"]
[EventType "team-tourn"]
[EventCountry "SVK"]
[SourceTitle "playchess.com"]
[Source "ChessBase"]
[SourceQuality "1"]
[WhiteTeam "Komarno"]
[BlackTeam "Dubnica"]
[TimeControl "40/5400+30:1800+30"]

1. e4 e5 {[%emt 0:00:00]} 2. Nf3 {[%emt 0:00:00]} Nc6 {[%emt 0:00:00]} 3. d4 {[%emt 0:00:59]} exd4 {[%emt 0:00:00]} 4. Nxd4 {[%emt 0:00:03]} Nf6 5. Nxc6 {[%emt 0:01:38]} bxc6 {[%emt 0:00:13]} 6. Bd3 {[%emt 0:00:33]} d5 {[%emt 0:02:30]} 7. exd5 {[%emt 0:02:03]} cxd5 {[%emt 0:00:07]} 8. O-O {[%emt 0:00:10]} Be7 {[%emt 0:00:34]} 9. Nd2 {[%emt 0:01:18] C45: Scotch Game} (9. c4 O-O 10. cxd5 Bb7 11. Bc4 Bxd5 12. Bxd5 Nxd5 13. Nd2 c6 14. Re1 Rb8 15. Ne4 f5 16. Ng3 f4 17. Ne4 f3 18. gxf3 {½-½ (54) Fedoseev,V (2707)-Jakovenko,D (2748) Satka 2018}) 9... O-O {[%emt 0:00:40]} 10. b3 {[%emt 0:01:40]} c5 {[%emt 0:09:03]} 11. Bb2 {[%emt 0:01:03]} Bb7 {[%emt 0:19:17]} 12. Re1 $146 {[%emt 0:02:28]} ({Predecessor:} 12. c4 d4 13. Re1 Bd6 14. Ne4 Nxe4 15. Bxe4 Bxh2+ 16. Kxh2 Qh4+ 17. Kg1 Bxe4 18. b4 Rab8 19. Qe2 Bc6 20. bxc5 d3 21. Qe5 Qg4 22. g3 Rxb2 23. Qxb2 Qf3 {0-1 (23) Matthes,B (1750)-Lukasiewicz,K (2247) Gorzow Wielkopolski 2018}) 12... d4 {[%emt 0:09:00]} 13. Be2 {[%emt 0:23:12]} Qc7 {[%emt 0:04:15]} 14. Bf3 {[%emt 0:02:31]} Nd5 {[%emt 0:03:02]} 15. Nc4 {[%emt 0:02:16]} Bf6 {[%emt 0:11:32]} 16. Be4 {[%emt 0:06:22]} Rae8 {[%emt 0:04:00]} 17. Qh5 {[%emt 0:07:12]} (17. Qf3 $5 {[%cal Re4d5]} Rxe4 18. Rxe4 $11) 17... Rxe4 {[%emt 0:16:12]} 18. Rxe4 {[%emt 0:01:20]} Nf4 {[%emt 0:04:53]} 19. Qf5 {[%emt 0:02:23]} Bxe4 {[%emt 0:06:38]} 20. Qxe4 {[%emt 0:00:10]} g6 {[%emt 0:03:25]} 21. Re1 {[%emt 0:01:57]} Ne6 $11 {[%emt 0:00:36]} 22. Bc1 {[%emt 0:04:16]} Rd8 {[%emt 0:02:12]} 23. Bd2 {[%emt 0:04:06]} Qd7 {[%emt 0:00:13]} 24. Qd3 {[%emt 0:11:07]} Qd5 {[%emt 0:01:04]} 25. h3 {[%emt 0:02:35]} 1/2-1/2